Kouzelná Beruška a Černý Kocour. Zlolustrátor /

Příběhy superhrdinů Kouzelné Berušky a Černého Kocoura děti znají z animovaného seriálu.

Other Authors: Hošková, Kateřina
Language: Czech
Published: V Brně : CPress, 2023
Edition: 2. vydání
Series: Zag heroez (CPress). Miraculous
Physical Description: 95 stran : barevné ilustrace ; 21 cm
Book
Saved in:
LEADER 02191nam a2200517 i 4500
001 nkc20233562731
003 CZ PrNK
005 20240208064112.0
007 ta
008 231026s2023 xr a b 000 j cze
015 |a cnb003562731 
020 |a 978-80-264-4961-4  |q (vázáno) :  |c Kč 269,00 
035 |a (OCoLC)1420607208 
040 |a ABG001  |b cze  |d BOA001  |e rda 
041 1 |a cze  |h spa 
072 7 |a 821-93  |x Literatura pro děti a mládež (beletrie)  |2 Konspekt  |9 26 
080 |a 821-32  |2 MRF 
080 |a 821-93  |2 MRF 
080 |a (0:82-32)  |2 MRF 
130 0 |a Illustrator.  |l Česky 
245 1 0 |a Kouzelná Beruška a Černý Kocour.  |p Zlolustrátor /  |c ze španělského originálu ... Las aventuras de Ladybug - Illustrator ... přeložila Kateřina Hošková 
246 3 0 |a Zlolustrátor 
250 |a 2. vydání 
264 1 |a V Brně :  |b CPress,  |c 2023 
300 |a 95 stran :  |b barevné ilustrace ;  |c 21 cm 
336 |a text  |b txt  |2 rdacontent 
337 |a bez média  |b n  |2 rdamedia 
338 |a svazek  |b nc  |2 rdacarrier 
490 1 |a Zag heroez. Miraculous 
520 2 |a Příběhy superhrdinů Kouzelné Berušky a Černého Kocoura děti znají z animovaného seriálu.  |b Adrien a Marinette nebo také Černý Kocour a Kouzelná Beruška stojí proti Zlolustrátorovi (nebo vlastně Nathanielovi, který je tajně do Marinetty zamilovaný). Ten chce získat mirákula superhrdinů, aby ovládl svět a pomstít se Chloe, která ho zesměšnila před celou třídou. 
521 8 |a Pro čtenáře od 4 let 
655 7 |a příběhy  |7 fd133204  |2 czenas 
655 7 |a publikace pro děti  |7 fd133156  |2 czenas 
655 9 |a stories  |2 eczenas 
655 9 |a children's literature  |2 eczenas 
700 1 |a Hošková, Kateřina  |7 hka2012699218  |4 trl 
765 1 |t Aventuras de Ladybug  |9 Česky 
787 0 8 |i Z cyklu:  |t Kouzelná Beruška a Černý Kocour  |g 1 
830 0 |a Zag heroez (CPress).  |p Miraculous  |0 s 
910 2 |a BOA001  |b 2-1518.156 
920 |a 4889506  |z ABG001 
928 9 |a Albatros Media - CPress 
990 |a BK 
995 |a 01 
991 |b 202312  |c NOV 
996 6 |b 2610954455  |c 2-1518.156  |l MZK  |r Sklad / do 1 hodiny  |n 0  |p p.v.  |w 001946917  |u 000010  |a 1  |e BOA001  |j MZK50  |s P